LEADER 01081nam0 22002891i 450 001 SUN0009746 005 20060509120000.0 010 $a88-8114-130-2 020 $aIT$b96 8459 100 $a20021118e19951713 |0itac50 ba 101 $aita$aLAT 102 $aIT 105 $a|||| ||||| 200 1 $aˆLa ‰tela giudiziaria$fnotar Francesco di Ruggiero$ga cura di Antonio De Feo 210 $aNapoli$cEdizioni scientifiche italiane$d[1995] 215 $aXXVII, 102, 136 p.$d24 cm. 620 $dNapoli$3SUNL000005 676 $a347.457$v21 700 1$aDi Ruggiero$b, Francesco$3SUNV007580$0239128 702 1$aDe Feo$b, Antonio$3SUNV007581 712 $aESI$3SUNV000952$4650 801 $aIT$bSOL$c20181109$gRICA 912 $aSUN0009746 950 $aUFFICIO DI BIBLIOTECA DEL DIPARTIMENTO DI GIURISPRUDENZA$d00 CONS XXIV.AabII.7 $e00 7482 995 $aUFFICIO DI BIBLIOTECA DEL DIPARTIMENTO DI GIURISPRUDENZA$h7482$kCONS XXIV.AabII.7$oc$qa 996 $aTela giudiziaria$9890892 997 $aUNICAMPANIA LEADER 01061nam--2200361---450- 001 990001335710203316 005 20040107170951.0 035 $a000133571 035 $aUSA01000133571 035 $a(ALEPH)000133571USA01 035 $a000133571 100 $a20040107d1977----km-y0itay0103----ba 101 0 $aita 102 $aIT 105 $a||||||||001yy 200 1 $aSindacato e partito$eantologia di interventi di sindacalisti sul rapporto fra sindacato e sistema politico in Italia$fRomano Alquati 210 $aTorino$cEdizioni Stampatori$d1977 215 $a226 p.$d21 cm 410 0$12001 454 1$12001 461 1$1001-------$12001 606 0 $aSindacati e partiti$yItalia$xSaggi 676 $a331.88 700 1$aALQUATI,$bRomano$0135446 801 0$aIT$bsalbc$gISBD 912 $a990001335710203316 951 $aXV B 155$b82079 L.M.$cXV B 959 $aBK 969 $aUMA 979 $aSIAV5$b10$c20040107$lUSA01$h1709 979 $aPATRY$b90$c20040406$lUSA01$h1734 996 $aSindacato e partito$9823951 997 $aUNISA